Monumento a los franceses zapadores del Canal de Panamá [ (Record no. 94217)
[ view plain ]
| 000 -LEADER | |
|---|---|
| campo de control de longitud fija | 00780nkm a2200205 i 4500 |
| 001 - NÚMERO DE CONTROL | |
| campo de control | 94217 |
| 003 - IDENTIFICADOR DE NÚMERO DE CONTROL | |
| campo de control | ES-MaACL |
| 005 - FECHA Y HORA DE LA ÚLTIMA TRANSACCIÓN | |
| campo de control | 20241114111411.0 |
| 007 - CAMPO FIJO DE DESCRIPCIÓN FÍSICA--INFORMACIÓN GENERAL | |
| campo de control de longitud fija | ki co |
| 008 - DATOS DE LONGITUD FIJA--INFORMACIÓN GENERAL | |
| campo de control de longitud fija | 050718q1923 pn --- |00 ||spa d |
| 100 1# - ENTRADA PRINCIPAL--NOMBRE DE PERSONA | |
| Nombre de persona | Endara, Carlos ( |
| Fechas asociadas al nombre | 1867-1954) |
| 9 (RLIN) | 152108 |
| 245 10 - MENCIÓN DEL TÍTULO | |
| Título | Monumento a los franceses zapadores del Canal de Panamá [ |
| Medio | Material gráfico] / |
| Mención de responsabilidad, etc. | [C. Endara]. |
| 260 ## - PUBLICACIÓN, DISTRIBUCIÓN, ETC. | |
| Lugar de publicación, distribución, etc. | Panamá : |
| Nombre del editor, distribuidor, etc. | [C. Endara, |
| Fecha de publicación, distribución, etc. | ca. 1923] |
| 300 ## - DESCRIPCIÓN FÍSICA | |
| Extensión | 1 álbum (11 fot.) ; |
| Dimensiones | 19 x 27 cm. |
| 599 ## - NOTA A LAS ILUSTRACIONES | |
| NOTA A LAS ILUSTRACIONES | 11 fotografías bl. y n., pegadas en cartulina marrón ; a huella seca, figura: C. Endara, Panamá (en cub.) |
| 651 #4 - PUNTO DE ACCESO ADICIONAL DE MATERIA--NOMBRE GEOGRÁFICO | |
| Nombre geográfico | Canal de Panamá- |
| Subdivisión de forma | Obras ilustradas. |
| 9 (RLIN) | 174068 |
| 852 4# - LOCALIZACIÓN | |
| Ubicación | ES-MaACL |
| Número de control de estantería | 1770-F-2 |
| Nota libre | - Donativo Pedro Gomala Blanco |
| 942 ## - ELEMENTOS DE ENTRADA SECUNDARIOS (KOHA) | |
| Fuente del sistema de clasificación o colocación | Clasificación decimal universal |
| Tipo de ítem Koha | Grabado |
| Estatus retirado | Estado de pérdida | Fuente del sistema de clasificación o colocación | Estado de daño | No para préstamo | Colección | Biblioteca de origen | Biblioteca actual | Ubicación en estantería | Fecha de adquisición | Total de préstamos | Signatura topográfica completa | Código de barras | Visto por última vez | Precio de reemplazo | Tipo de ítem Koha |
|---|---|---|---|---|---|---|---|---|---|---|---|---|---|---|---|
| Clasificación decimal universal | Colección de folletos | Biblioteca del Ateneo de Madrid | Biblioteca del Ateneo de Madrid | Depósito folletos | 17/01/2008 | 1770-F-2 | 1098404 | 23/02/2023 | 23/02/2023 | Grabado |
